El escritor y su obra /
Estudio sobre la comunicación escrita en el que se expone la función del escritor, la manera como ha de realizar su labor en cada etapa del proceso de comunicación de las ideas a través de las palabras escritas: sus inicios marcados por una necesidad interna de comunicar, la puesta por escrito en di...
Kaydedildi:
| Yazar: | |
|---|---|
| Materyal Türü: | Kitap |
| Dil: | İspanyolca |
| Baskı/Yayın Bilgisi: |
Barcelona, España :
Seix Barral,
1944, c1944
|
| Seri Bilgileri: | (Estudio de Conocimientos Generales ;
29) |
| Konular: | |
| Etiketler: |
Etiket eklenmemiş, İlk siz ekleyin!
|
MARC
| LEADER | 00000nam^a2200000^a^4500 | ||
|---|---|---|---|
| 001 | 000417199 | ||
| 005 | 20250526000000.0 | ||
| 009 | 20260310122344.399 | ||
| 037 | |a Acervo ITESO - Biblioteca | ||
| 041 | |a ESP | ||
| 082 | |a 809. 001 |b LLE | ||
| 100 | |a Lleonart, José |e (autor) | ||
| 245 | 1 | 3 | |a El escritor y su obra / |c J. Lleonart. |
| 264 | 1 | |a Barcelona, España : |b Seix Barral, |c 1944, c1944 | |
| 300 | |a 70 p. ; |c 17.5 cm. | ||
| 336 | |a texto |b txt |2 rdacontenido | ||
| 337 | |a sin mediación |b n |2 rdamedio | ||
| 338 | |a volumen |b nc |2 rdasoporte | ||
| 440 | 5 | |a (Estudio de Conocimientos Generales ; |v 29) | |
| 520 | |a Estudio sobre la comunicación escrita en el que se expone la función del escritor, la manera como ha de realizar su labor en cada etapa del proceso de comunicación de las ideas a través de las palabras escritas: sus inicios marcados por una necesidad interna de comunicar, la puesta por escrito en diferentes momentos, la obra en marcha, su revisión y su publicación. | ||
| 649 | |a XX | ||
| 650 | |a Estilo Literario - |x Estudio y Enseñanza | ||
| 650 | |a Redacción - |x Estudio y Enseñanza - |x Tema Principal | ||
| 650 | |a Creación (Literaria, Artística, etc.) | ||
| 650 | |a Preceptiva Literaria | ||
| 650 | |a Retórica | ||
| 650 | |a Literatura - |x Estudio y Enseñanza | ||
| 650 | |a Literatura - |x Teoría | ||
| 650 | |a Competencia Comunicativa | ||
| 650 | |a Comunicación Escrita - |x Tema Principal | ||
| 650 | |a Comunicación Verbal | ||
| 650 | |a Comunicación Escrita - |x Tema Principal | ||
| 910 | |a Fondo Alfonso de Alba Martín | ||
| 920 | |a Impresos - Libros | ||
| 930 | |a Libros Antiguos y Raros | ||
| 940 | |a Literatura | ||
| 905 | |a 125 | ||
| 901 | |a 417199001 |b IT2 |c LRA |i D98795 |u 20250526 | ||
| 902 | |a https://opac.biblio.iteso.mx/vufind/Record/000417199 | ||